Responses for Show #1239 - Thursday, January 11, 1990

Frank Spangenberg game 3.

Contestants

[<< previous game]

Bill McCulla, a researcher from Gaithersburg, Maryland

Dan Milliman, a college administrator originally from Penn Yan, New York

Frank Spangenberg, a police officer from Flushing, New York (whose 2-day cash winnings total $38,598)

[next game >>]

Jeopardy! Round responses

TRANSPORTATION
A.K.A.
KIDDIE LIT
GOVERNMENT
FOOD FACTS
"W"ORLD GEOGRAPHY
    $100 15
Alaska

Dan
    $100 16
Blake Edwards

Bill
    $100 7
"To fetch a pail of water"

Bill
    $100 2
65

Frank
    $100 26
Float

Bill
    $100 1
Waikiki

Bill
    $200 19
Delta Airlines

Triple Stumper
    $200 18
Loretta Young

Frank
    $200 9
breadcrumbs

Bill
    $200 8
IRS

Dan
    $200 27
Campbells Soup

Bill
    $200 3
Waterloo

Frank
    $300 20
Camel or Elephant

Bill
    $300 23
Inger Stevens

Frank
    $300 12
A Cow

Frank
    $300 10
C-SPAN

Bill
    $300 28
Rice-A-Roni

Bill
    $300 4
Walla Walla

Frank
    $1,000 21
["500 Miles From Home"]

train (or railroad)

Bill
    $400 24
Irene Pappas

Triple Stumper
    $400 13
Nokomis

Frank
    $400 11
EPA

Frank
    $400 29
Botulism

Frank
    $400 5
Waterford

Frank
    $500 22
The Norway

Frank
    $500 25
(Minute to go in the round...)

Mike Connors

Frank
    $500 14
Silver Bells

Frank
    $500 17
Newt Gingrich

Bill
    $500 30
(F: What is ice cream?)
(B: What is yogurt?)

Cheese

FrankBill
Triple Stumper
    $500 6
(B: What is the Grand Teton?)
(F: What is Wachung?)

Wasatch

FrankBill
Triple Stumper

Scores at the first commercial break (after clue 15):

Frank Dan Bill
$2,100 $300 $200

Scores at the end of the Jeopardy! Round:

Frank Dan Bill
$3,500 $300 $2,200

Double Jeopardy! Round responses

THE 20TH CENTURY
SCANDINAVIANS
IN THE DICTIONARY
AUTHORS
STATE FLOWERS
LAST LINES FROM MOVIES
    $200 1
Taiwan

Bill
    $200 21
Sonja Henie

Dan
    $200 26
Colleges

Dan
    $200 11
Canada

Bill
    $200 5
Mistletoe

Triple Stumper
    $200 16
"The Wizard of Oz"

Frank
    $400 2
1964

Bill
    $2,700 22
Alfred Nobel

Dan
    $400 27
Old English

Bill
    $400 12
Erica Jong

Bill
    $400 6
Texas

Frank
    $400 17
King Kong

Dan
    $600 3
Dean Rusk

Bill
    $600 23
England

Frank
    $4,000 28
(B: What is E?)

S

Bill
    $600 13
U.S. Civil War

Triple Stumper
    $600 7
Rose

Frank
    $600 18
"Seven Brides for Seven Brothers"

Bill
    $800 4
Francois "Papa Doc" Duvalier

Frank
    $800 24
Carolus Linnaeus

Frank
    $800 29
(Alex: Now's the time for [*].)

e

Bill
    $800 14
Oliver Goldsmith

Frank
    $800 8
Yucca Plant

Dan
    $800 19
"A Star is Born"

Frank
    $1000 9
ABSCAM

Frank
    $1000 25
[[*] of Norway and [**] of Sweden]

Trygve Lie & Dag Hammarskjold

Bill
    $1000 30
(B: What are accent marks?)

Diacritical Marks

Bill
Triple Stumper
    $1000 15
Nathanael West

Bill
    $1000 10
Maryland

Dan
    $1000 20
"The Apartment"

Frank

Scores at the end of the Double Jeopardy! Round:

Frank Dan Bill
$10,500 $5,600 $2,800

[wagering suggestions for these scores]

Final Jeopardy! Round responses

ORGANIZATIONS
BillWhat is the Red Cross?
$2,799
DanWhat is The Red Cross?
$5,600
FrankWho are The Girl Scouts of the U S A?
$4,500
the Girl Scouts of the U.S.A.

Final scores:

Frank Dan Bill
$15,000 $0 $1
3-day champion: $53,598 3rd place: Haviland porcelain dinnerware service for 4 2nd place: a trip & cruise to Orlando

Game dynamics:

Coryat scores:

Frank Dan Bill
$10,500 $3,300 $6,200
23 R,
2 W
8 R
(including 1 DD),
0 W
21 R
(including 1 DD),
4 W
(including 1 DD)

Combined Coryat: $20,000

[game clues] [game scores] [suggest correction]

Game tape date: 1989-09-18
The J! Archive is created by fans, for fans. Scraping, republication, monetization, and malicious use prohibited; this site may use cookies and collect identifying information. See terms. The Jeopardy! game show and all elements thereof, including but not limited to copyright and trademark thereto, are the property of Jeopardy Productions, Inc. and are protected under law. This website is not affiliated with, sponsored by, or operated by Jeopardy Productions, Inc. Join the discussion at JBoard.tv.